Green Bay Packers - Tile Select - Statistics

General Stats
  • This quiz has been taken 58 times
  • The average score is 34 of 51
Answer Stats
Question Tile Select % Correct
Packers quarterbacks Aaron Rodgers Yes
94%
Packers quarterbacks Brett Favre Yes
94%
Seasons when the Packers won a Super Bowl 1988-89 No
92%
Packers quarterbacks Antonio Freeman No
92%
Packers quarterbacks Bart Starr Yes
92%
Packers quarterbacks Bryan Bulaga No
92%
Seasons when the Packers won a Super Bowl 2011-12 No
90%
Pro Football Hall of Famers from the Packers Earl "Curly" Lambeau Yes
90%
Things that the Packers are known for The No-Name Defense No
90%
Packers quarterbacks James Lofton No
88%
Things that the Packers are known for The Catch No
88%
Things that the Packers are known for The Immaculate Reception No
88%
Packers quarterbacks Tony Canadeo No
88%
Seasons when the Packers won a Super Bowl 1992-93 No
87%
Seasons when the Packers won a Super Bowl 2010-11 Yes
87%
Pro Football Hall of Famers from the Packers Desmond Howard No
85%
Things that the Packers are known for Having the all time leading QB in passing yards No
85%
Things that the Packers are known for The Ice Bowl Yes
85%
Seasons when the Packers won a Super Bowl 1966-67 Yes
83%
Packers quarterbacks Don Hutson No
83%
Packers quarterbacks Paul Hornung No
83%
Seasons when the Packers won a Super Bowl 1997-98 No
81%
Pro Football Hall of Famers from the Packers Max McGee No
81%
Things that the Packers are known for Being in the smallest city out of all NFL teams Yes
79%
Packers quarterbacks Don Majkowski Yes
79%
Pro Football Hall of Famers from the Packers Ray Nitschke Yes
79%
Things that the Packers are known for Having the most players in the Pro Football Hall of Fame No
75%
Pro Football Hall of Famers from the Packers Ahman Green No
69%
Seasons when the Packers won a Super Bowl 1965-66 No
67%
Seasons when the Packers won a Super Bowl 1967-68 Yes
63%
Packers quarterbacks Lynn Dickey Yes
63%
Pro Football Hall of Famers from the Packers Mike Holmgren No
62%
Seasons when the Packers won a Super Bowl 1996-97 Yes
60%
Things that the Packers are known for Having at least 3 head coaches named Mike Yes
58%
Things that the Packers are known for They used to play some home games in Milwaukee Yes
58%
Defunct teams that the Packers have won games against (just for fun) Evansville Crimson Giants Yes
44%
Pro Football Hall of Famers from the Packers Sterling Sharpe No
44%
Defunct teams that the Packers have won games against (just for fun) Boston Yanks Yes
42%
Pro Football Hall of Famers from the Packers Jerry Kramer Yes
42%
Defunct teams that the Packers have won games against (just for fun) Kansas City Cowboys Yes
42%
Defunct teams that the Packers have won games against (just for fun) Providence Steam Roller Yes
40%
Pro Football Hall of Famers from the Packers Willie Wood Yes
40%
Defunct teams that the Packers have won games against (just for fun) Dayton Triangles Yes
38%
Defunct teams that the Packers have won games against (just for fun) New York Yanks Yes
38%
Defunct teams that the Packers have won games against (just for fun) Rochester Jeffersons Yes
33%
Defunct teams that the Packers have won games against (just for fun) Staten Island Stapletons Yes
31%
Packers quarterbacks Arnie Herber Yes
29%
Pro Football Hall of Famers from the Packers Clarke Hinkle Yes
29%
Defunct teams that the Packers have won games against (just for fun) New York Yankees Yes
29%
Pro Football Hall of Famers from the Packers Ron Wolf Yes
29%
Pro Football Hall of Famers from the Packers Bobby Dillon Yes
21%
No matching quizzes found
Score Distribution
Percent of People with Each Score
Percentile by Number Answered
Your Score History
You have not taken this quiz